000 00668 a2200205 4500
001 31851
005 20260407155621.0
008 260407a1975 arg spa d
003 AR-UNSa-BCEJYS
040 _aAR-UNSa-BCEJYS
_bspa
_cAR-UNSa-BCEJYS
080 _a658.012.261
_xSuceso-nodo-red. Orientación al suceso. PERT (Técnica de Revisión y Evaluación de Proyectos)
245 1 0 _aEl Pert
250 _a2a. ed
264 1 _aMéxico :
_bLimusa
_c1975
300 _a141 p.
_c18 cm.
505 _aPrimera Parte: Descripción del sistema - Segunda Parte: Camino crítico
942 _cBK
590 _aniveau_biblio:m niveau_hierar:0
100 1 _aCollantes Diez, A.
999 _c2220
_d2220